02103cam a22005054i 4500003000900000005001700009008004100026020001800067035002000085040003300105049000900138082002000147100003100167245011900198264002800317300004400345336002100389337002500410338002300435490005100458504004000509504003200549505042600581526000901007526000901016526000901025526000901034526000901043526000901052526000801061526000801069526000801077526000801085526000801093526000801101650001701109650001801126910002801144942001401172994001401186596000601200999016401206980005801370952016901428PE-LiUPU20251015094307.0180309s2015 ne 0 rb 001 0 eng d a9789004244917 a(Sirsi) a241485 aPE-LiUPUbspacPE-LiUPUerda aPRUA04a945.07bC282231 aCaravale, Giorgio,eautor.14aThe Italian reformation outside Italy :bFrancesco Pucci's heresy in sixteenth-century Europe /cGiorgio Caravale. 1aLeiden :bBrill,c2015. aXII, 274 páginas ;c25 centímetros. atext2rdacontent aunmediated2rdamedia avolume2rdacarrier0 aBrill's studies in intellectual history ;v246 aBibliografía : páginas 239-264. aIndice : páginas 265-274.0 aBecoming a heretic in sixteenth-century Florence: Francesco Pucci and his intellectual education -- Francesco Pucci in France during the First Wars of Religion -- At the gates of Paris: Henry IV and the Roman Inquisition -- Among Catholics and Calvinists: Francesco Pucci in late sixteenth-century France -- Jean Hotman and French Irenicsim --The limits of the Kingdom of God -- Epilogue -- Conclusion: an Italian heresy. aP136 aP135 aP134 aP133 aP144 aP143 aP87 aP35 aP20 aP14 aP10 aP0604aReformation.00aReforma91623 adbmbkslcksld20180309 2ddccBOOK aC0bPEPRU a1 a945.07 C28wLCc27111i78467f2021-11-30g4lCCODEBUL1mBULp38.00r0sYtBOOKu2018-3-9xTEOLOGIAPP350COMPRA1FCOMPRAo.STAFF. Colección Teologíad27111 818226gJaime Vilcazán Jefe de Análisis Documental r2025-12-03 00:00:00i5l0o945.07 C28p78467te1v43.00w2018-03-09xFTyBKzinventario-2023-12-13102ddc50708GENfP35aBULbBULcGENd2018-03-09eCOMPRAg38.00